Terbabas Ke Planet Misteri

Bibliographic Details
Main Author: Hamid Abdullah
Format: Book
Published: Selangor : Penerbit Pinang Sdn.Bhd. , 2008
Series:Koleksi Novel Saspens Dan Fiksyen
Subjects:

MARC

LEADER 00000cam a2200000 7i4500
001 0000064475
005 20090210.0
008 090120 bm
020 |a 9789830557953 
090 0 0 |a JF HAM 
100 1 |a Hamid Abdullah 
245 1 0 |a Terbabas Ke Planet Misteri   |c Hamid Abdullah 
260 |a Selangor :   |b Penerbit Pinang Sdn.Bhd. ,   |c 2008 
300 |a 84p. :   |b ill.; ;   |c 22cm. 
440 0 |a Koleksi Novel Saspens Dan Fiksyen 
650 0 0 |a Junior Fiction   |x Malay 
999 |a 317810   |b Buku   |c Koleksi Pinjaman Kanak-Kanak   |e Perbadanan Perpustakaan Awam Melaka 
999 |a 317811   |b Buku   |c Koleksi Pinjaman Kanak-Kanak   |e Perbadanan Perpustakaan Awam Melaka